[Event "SVK-chT 9798"]
[Site "Slovakia"]
[Date "1997.??.??"]
[Round "3"]
[White "Ftacnik, Lubomir"]
[Black "Stohl, Igor"]
[Result "1-0"]
[WhiteElo "2595"]
[BlackElo "2580"]
[Annotator "Stohl,I"]
[PlyCount "83"]
[EventDate "1997.??.??"]
[EventType "team"]
[EventRounds "11"]
[EventCountry "SVK"]
[SourceTitle "CBM 063"]
[Source "ChessBase"]
[SourceDate "1998.03.26"]
[SourceVersion "1"]
[SourceVersionDate "1998.03.26"]
[SourceQuality "1"]

1. Nf3 Nf6 2. c4 g6 3. d4 Bg7 4. Nc3 d5 5. Qb3 dxc4 6. Qxc4 O-O 7. e4 a6 8. e5
b5 9. Qb3 Nfd7 10. h4 $1 (10. Be3 c5 11. e6 cxd4 $1 $132) 10... c5 11. e6 c4 $5
{Practically the only playable move. The alternatives are even more risky and
thus weaker:} (11... cxd4 $143 12. exf7+ $1 (12. exd7 Nxd7 13. Ne4 Bb7 $44)
12... Rxf7 (12... Kh8 13. h5 gxh5 (13... dxc3 14. hxg6 Nf6 15. Qxc3 $18 {
[%cal Rc3f6] ->,/\Qf6}) 14. Ne4 Bb7 15. Bd3 $16) 13. Ne4 $1 Bb7 14. Neg5 Qe8
15. Bc4 $5 (15. Nxf7 $16) 15... e6 16. Nxf7 Nc5 17. Nd6 $1 Nxb3 (17... Qe7 18.
Bxe6+ Kf8 19. Ng5 $1 $16) 18. Nxe8 Nxa1 19. Bxe6+ Kf8 20. Nxg7 Bxf3 21. gxf3
Kxg7 22. Bf4 $16 {[%csl Ra1,Ge6,Gf4] _|_^^,פa1}) (11... fxe6 $143 12. h5 $1
cxd4 (12... c4 13. Qc2 $40) 13. hxg6 Nc5 14. Qc2 $1 (14. gxh7+ Kh8 15. Nh4 Kxh7
$5 $13) 14... Rxf3 $1 {Lautier-Leko,Tilburg 1997} 15. gxf3 $1 d3 16. Qd2 hxg6
17. Qg5 $40) 12. Qd1 (12. exf7+ Rxf7 (12... Kh8 13. Qd1 Nc6 14. h5 gxh5 15. d5
$16) 13. Qd1 Nb6 14. Be3 (14. h5 {-12.Qd1}) 14... Nc6 15. Ne5 Nxe5 16. dxe5 Qc7
17. Qd4 Rb8 $132) 12... Nb6 (12... fxe6 $6 13. h5 gxh5 $8 14. Rxh5 Nf6 15. Rh4
$36) 13. exf7+ Rxf7 14. h5 Bg4 $6 (14... Nc6 $142 $5 15. hxg6 (15. Ng5 Rf5 $5 (
15... Rf8 16. Nxh7 $1 Kxh7 17. hxg6+ $18) 16. g4 Rf8 $13) 15... hxg6 16. Be3 (
16. Bh6 Nxd4 17. Bxg7 Nxf3+ 18. Qxf3 Rxf3 (18... Kxg7 19. Rh7+ Kxh7 20. Qxf7+
Kh8 21. Qxg6 $40) 19. Rh8+ Kxg7 20. Rxd8 Rf8 $17) 16... Bg4 $13 (16... Nd5 17.
a4 $5 $36)) 15. hxg6 hxg6 16. Be2 Nc6 17. Bh6 $1 $146 {A very strong novelty,
which gives White an advantage.} ({The less active and already tested in
practice} 17. Be3 Nb4 18. a3 Bxf3 19. gxf3 N4d5 20. Rg1 Qd6 21. a4 e5 $132 {
leads to an unclear position.}) (17. Ng5 Bxe2 18. Nxf7 Bxd1 19. Nxd8 Nxd4 $1
20. Kxd1 Rxd8 21. Bd2 b4 22. Ne4 c3 (22... a5 $5 $44) 23. bxc3 bxc3 24. Bxc3 (
24. Nxc3 Nc4 $36) 24... Nb3+ 25. Ke2 Nxa1 $10) 17... Qf8 $8 (17... Bxh6 18.
Rxh6 Rf6 (18... Kg7 $2 19. Ng5 Bxe2 20. Qxe2 Nxd4 21. Qe5+ Rf6 22. Rh7+ Kg8 23.
Rh8+ $1 $18) 19. Ne4 $40) (17... Bf6 18. Ng5 $5 (18. Be3 Nb4 19. a3 Bxf3 (19...
N4d5) 20. gxf3 N4d5 21. Rg1 $40) 18... Bxg5 19. Bxg5 (19. Bxg4 Bxh6 20. Rxh6
Qxd4 $1 (20... Kg7 21. Rxg6+ Kxg6 22. Bh5+ Kg7 23. Qg4+ Kf8 24. Bxf7 Kxf7 25.
Qf3+ $16) 21. Qxd4 (21. Rxg6+ Kh7 $1 22. Qc2 Nb4 $19) 21... Nxd4 22. O-O-O Kg7
$15) 19... Bxe2 20. Qxe2 Nxd4 (20... Qxd4 21. Be3 Qd8 22. Rd1 $40) 21. Qe5 $40
(21. Qe4 $5 $16)) (17... Bxd4 18. Nxd4 Qxd4 19. Qxd4 (19. Bxg4 $4 Qxf2#) 19...
Nxd4 20. Bxg4 Nc2+ 21. Kd2 $18) (17... Nxd4 $2 18. Nxd4 $18) (17... Bxf3 18.
Bxf3 Bxh6 19. Bxc6 $16 (19. Rxh6 Kg7 20. Rxg6+ $1 Kxg6 21. Bxc6 $16)) 18. Be3
$1 (18. Bxg7 $6 Qxg7 19. Rh4 Bxf3 20. Bxf3 Qf6 21. Rg4 Rd8 $15 {[%csl Rd4] ><d4
}) 18... Rd8 $5 {Starts an interesting tactical sequence, connected with an
exchange sacrifice. But this is nevertheless Black's best chance.} (18... Nb4
19. a3 Bxf3 20. gxf3 (20. Bxf3 Nd3+ 21. Kf1 Rxf3 $44) 20... N4d5 21. Rg1 {
[%csl Rg6] ><g6}) (18... Bxf3 19. Bxf3 Rc8 20. Be4 $16) (18... Rf5 19. Nh4 Bxe2
20. Qxe2 $40) 19. Ng5 $8 (19. d5 $2 Nxd5 $1 20. Nxd5 e6 $17) 19... Bxd4 $8 (
19... Bxe2 20. Nxe2 (20. Qxe2 Nxd4 21. Bxd4 $16) 20... Rf6 21. Nh7 $16) 20. Qc1
$1 (20. Bxd4 Rxd4 21. Bxg4 (21. Qc1 Rxf2 $40) 21... Rxd1+ 22. Rxd1 Rf5 23. Bxf5
Qxf5 $36) (20. Bxg4 Bxe3 $17) (20. Nxf7 Bxc3+ 21. bxc3 Rxd1+ 22. Rxd1 Qxf7 (
22... Bxe2 $2 23. Rh8+ Kxf7 24. Rxf8+ Kxf8 25. Kxe2 $16)) 20... Bxe2 $5 (20...
Bxe3 $6 21. Qxe3 Nd4 22. Rc1 Nxe2 23. Nxe2 Rf6 24. Nh7 $16) 21. Nxf7 {[%cal
Rh1h8] /\Rh8} Qxf7 22. Nxe2 (22. Kxe2 $6 b4 23. Ne4 c3 $40 {[%csl Re2][%cal
Rf7c4] /\Qc4,עe2}) (22. Bxd4 $2 Nxd4 23. Nxe2 (23. Qh6 Bh5) 23... Qe6 24. Qd1
Na4 $5 $17) 22... Nb4 $5 (22... e5 23. O-O $5 Nd5 24. a4 $36) 23. Bxd4 $6 ({
Now White's K will also be misplaced. Safer and better was} 23. O-O $142 $5 Nd3
24. Qd2 e5 25. Rab1 $14) 23... Nd3+ (23... Rxd4 $6 24. O-O $16 (24. Qh6 Nd3+
25. Kd2 c3+ $1 26. bxc3 Nc4+ 27. Kc2 Na3+ 28. Kd2 Nc4+ $10)) 24. Kf1 Rxd4 $8 (
24... Nxc1 $4 25. Rh8#) 25. Qe3 $8 Rd6 26. Rh3 (26. f3 $5 Nd5 (26... Nxb2 27.
Nc3 $36) 27. Qa7 Rd8 $44) (26. Nc3 $2 Nxf2 $1 $17) 26... Nxb2 (26... Nd5 27.
Qa7 $16) 27. Nc3 (27. Qh6 Qg7 $15 {[%csl Gb5,Gc4] o^b,c}) 27... Nd5 $2 $138 {
A tactical mistake, overlooking White's next move.} (27... Nd7 $1 28. Qa7 (28.
Ne4 Rd3 29. Qh6 Rxh3 30. Qxh3 Qf5 $15) 28... Rd3 $1 (28... Nd3 29. Ne4 $16) 29.
Qxa6 (29. Rxd3 Nxd3 30. Ne4 N7c5 $1 $36) 29... Rxh3 30. gxh3 Nd3 31. Nd1 Qf5
$44) 28. Qc5 $1 {[%cal Rc5c8,Yc3e4] /\Qc8,Ne4 Now by threatening Qc8 White
gains an important tempo ta activate his N via e4.} Qe6 $6 (28... Nxc3 $2 29.
Qc8+ Qf8 30. Rh8+ $18) (28... Nf6 29. Ne4 $1 Rd8 (29... Nxe4 $2 30. Qc8+ $18) (
29... Qd5 30. Qxd6 $1 $18) 30. Ng5 $40) 29. Re1 $18 Qd7 30. Ne4 (30. Qd4 Nf6)
30... Nd3 $8 (30... Rc6 31. Qd4 $18) 31. Rxd3 $1 (31. Qd4 $2 e5) 31... cxd3 32.
Nxd6 Qxd6 (32... d2 $2 33. Qxd5+ $18) 33. Qxd6 exd6 34. Rd1 Kf7 (34... Nc3 35.
Rxd3 Nxa2 36. Rxd6 a5 37. Rxg6+ Kf7 38. Ra6 a4 39. Ke1 $18) 35. Rxd3 Ke6 36.
Ra3 Nb4 $6 (36... Nc7 37. Ke2 $18) 37. Ke2 (37. Ra5 $1 $18 {[%cal Ra2a3] /\a3})
37... d5 38. Rg3 Kf5 39. a3 Nc6 40. Rc3 Ne5 (40... Nd4+ 41. Kd3 Ne6 42. g3 $18)
41. Ke3 Ke6 (41... Nc4+ 42. Kd4 Ke6 43. Rg3 $18) 42. Rc8 (42. Kd4 Kd6 43. Rg3
$18 {[%csl Rg6][%cal Rf2f4] /\f4,><g6}) (42. Rc8 Kd6 (42... Nc4+ 43. Kd4 Nxa3
44. Rc6+ $18) 43. Rg8 $5 Kc5 44. f4 Nc4+ 45. Kd3 Nxa3 46. Rxg6 $18) 1-0

[Event "Tilburg Fontys"]
[Site "Tilburg"]
[Date "1997.09.29"]
[Round "3"]
[White "Lautier, Joel"]
[Black "Leko, Peter"]
[Result "0-1"]
[WhiteElo "2660"]
[BlackElo "2635"]
[Annotator "Stohl,I"]
[PlyCount "74"]
[EventDate "1997.09.27"]
[EventType "tourn"]
[EventRounds "11"]
[EventCountry "NED"]
[EventCategory "17"]
[SourceTitle "CBM 061"]
[Source "ChessBase"]
[SourceDate "1997.11.23"]
[SourceVersion "1"]
[SourceVersionDate "1997.11.23"]
[SourceQuality "1"]

1. d4 {Ftacnik Winants Leko} Nf6 2. Nf3 g6 3. c4 Bg7 4. Nc3 d5 {Winants: Peter
Leko, qui était il y a peu de temps encore, le plus jeune grand-maître de
l'histoire, joue la défense Grünfeld avec enthousiasme, tout comme son
entraîneur et compatriote André Adorjan.} 5. Qb3 {Lautier,J (2620)-Leko,P 
(2630) Tilburg (9) 1996 0-1 Quite a surprise from Lautier, who until recently
played exclusively the Exchange Grunfeld. Probably disappointed by his last
attempt in the Rb1 line against Leko, he tries something new.} dxc4 6. Qxc4 O-O
7. e4 a6 {Leko remains faithful to the Hungarian line. Winants: Le système
hongrois; les Noirs ont l'intention de mobiliser le Bc8 en fianchetto, après ..
.b5.} 8. Qb3 (8. Bf4 $143 b5 $1 9. Qxc7 Qxc7 10. Bxc7 Bb7 11. e5 Nd5 $44) (8.
Be2 b5 9. Qb3 c5 $1 10. dxc5 Bb7 11. e5 Nfd7 $11) (8. e5 b5 $1 (8... Nfd7 9.
Be3 Nb6 $6 (9... b5 $5) 10. Qc5 $1 Be6 11. Ng5 Bf5 12. Be2 Kh8 13. g4 Bc8 14.
O-O-O f6 15. Nge4 f5 16. gxf5 Bxf5 17. h4 N8d7 18. Qa3 Nd5 19. Ng5 N7b6 20. h5
Nxe3 21. fxe3 Bh6 22. Nce4 $40 {Karpov,An-Leko,P/Tilburg/1996/}) 9. Qb3 {
leads only to a transposition of moves}) 8... b5 {Other alternatives have
fallen into oblivion:} (8... Nc6 $6 9. e5 Nd7 10. Bf4 $1 e6 11. Rd1 Nb6 12. Be2
$40 {()}) ({More complicated is} 8... c5 $5 9. dxc5 Qa5 (9... Nbd7 10. c6 $5)
10. Qb6 Qxb6 11. cxb6 Nbd7 12. e5 (12. h3 Nxb6 13. Be3 Nbd7 14. Bd3 e5 $5 $10)
12... Ng4 13. e6 Nxb6 14. exf7+ Rxf7 15. h3 Nf6 16. Ng5 Rf8 17. Be3 Nfd5 18.
Nxd5 Nxd5 19. Bc4 e6 20. O-O-O Nxe3 21. fxe3 Bh6 22. h4 $5 $14 {White retains
a slight advantage, Black must defend carefully and he can at most manage to
draw. That is why the more active text move has become popular recently.} (22.
Nxe6 Bxe6 23. Bxe6+ Kh8 $11 {Piket,Je-Gulko,B/Amsterdam OHRA-B/1988/})) 9. e5
Nfd7 10. h4 {The most violent attempt. Un coup impétueux qui correspond bien
au tempérament agressif du joueur français.} (10. Be3 c5 11. e6 (11. dxc5 Nxe5
12. Nxe5 Bxe5 13. Rd1 Qa5 14. Qd5 Bxc3+ 15. bxc3 Ra7 16. Bd4 Rd7 17. Qe5 f6 18.
Qe6+ (18. Qxb8 Rxd4 19. Rxd4 Qxc3+ 20. Rd2 Qc1+ 21. Rd1 Qc3+ $10) 18... Kg7 19.
Qb6 Qa3 20. Qxb8 Rxd4 $1 {Moskalenko,O-Zakic,S/Budapest/1991/}) 11... cxd4 $1 (
11... c4 12. exf7+ Rxf7 13. Qd1 $14) 12. exf7+ (12. exd7 Qxd7 $17 {[%csl Gd4,
Ge7] [+]}) 12... Rxf7 13. Bxd4 Bxd4 14. Nxd4 Nc5 (14... Qb6 $5) 15. Qd5 Qxd5
16. Nxd5 Nbd7 17. b4 (17. Rc1 $5 $11) 17... Bb7 18. Nc3 e5 19. Ndxb5 axb5 20.
bxc5 b4 21. Nb5 Rf4 22. Rc1 Re4+ 23. Kd1 Bc6 24. f3 Rf4 25. Nd6 Rxa2 26. Bc4+
Rxc4 27. Rxc4 {Piket,Je-Timman,J/NLD-ch Rotterdam/1997/} Ba4+ $19) (10. e6 $5
fxe6 11. Qxe6+ Kh8 12. Qe4 (12. Ng5 Ne5 $5 13. Qd5 Qxd5 14. Nxd5 Nec6 15. Nxc7
Nxd4 $5 $36 (15... Ra7 16. Nce6 Nxd4 $1 $15)) 12... Nb6 13. Qh4 Nc6 14. Bd3
Rxf3 15. gxf3 Nxd4 16. Be4 Bf5 17. Be3 c5 18. Bxd4 cxd4 19. Rd1 Rc8 20. Rg1 Bf6
21. Qh6 Bg7 22. Qh4 Bf6 23. Qh6 Bg7 {1/2,Karpov,An-Kamsky,G/Elista m (5)/1996/}
) ({Il faut pourtant noter qu'Anatoly Karpov, l'un des spécialistes de cette
variante, préfère adopter un traitement plus tranquille via} 10. Be3 {Winants})
10... c5 {The old axiom counter a flank attack with a central blow is very
appropriate here.} (10... Nb6 $143 $6 11. h5 Nc6 12. Be3 $1 $36) 11. e6 fxe6 $6
{The most risky alternative.} ({More solid seems to be} 11... c4 12. exf7+ Rxf7
13. Qd1 Nb6 14. Be3 Bg4 (14... Nc6 15. Ne5 Nxe5 16. dxe5 Qc7 17. Qd4 Rb8 18. f4
Be6 19. Be2 Rff8 20. Bf3 Rfd8 21. Qc5 Qxc5 22. Bxc5 Rf8 $132 {Kozul,Z-Epishin,
V/Frankfurt/1990/}) 15. h5 $5 Nc6 16. hxg6 hxg6 17. Be2 Nb4 18. a3 Bxf3 19.
gxf3 N4d5 20. Rg1 Qd6 21. a4 e5 22. dxe5 Qxe5 23. f4 Qf5 24. Rg5 Nxe3 25. fxe3
Qe6 26. a5 Nd7 27. Nd5 {All this is recommended in Informant 38 as +/= by A.
Petrosjan.} Rd8 $1 28. Qc2 Nf6 29. Nxf6+ Bxf6 30. Rxg6+ Rg7 31. Rxg7+ Kxg7 32.
Kf2 Bh4+ 33. Kg2 Qxe3 34. Rd1 Qf2+ 35. Kh1 Rh8 {0-1,Pecenka,A-Slapak,Z/CS-ch
corr/1988/}) ({An analogy to the Timman/Sokolov idea from the aforementioned
game doesn't work so well:} 11... cxd4 $6 12. exf7+ $1 (12. exd7 Nxd7 $1 13.
Ne4 Bb7 $36) 12... Rxf7 (12... Kh8 13. h5 $1 gxh5 (13... dxc3 14. hxg6 Nf6 15.
Qxc3 $18 {[%cal Rc1g5,Rf3g5] /\Bg5,Ng5->}) 14. Ng5 $40) 13. Ne4 $1 Bb7 14. Neg5
Qe8 15. Bc4 $5 (15. Nxf7 $16) 15... e6 16. Nxf7 Nc5 17. Nd6 $1 Nxb3 (17... Qe7
18. Bxe6+ Kf8 19. Ng5 $1) 18. Nxe8 Nxa1 19. Bxe6+ Kf8 20. Nxg7 Bxf3 21. gxf3
Kxg7 22. Bf4 $16) 12. h5 $1 {Consequent.} (12. Qxe6+ $2 Kh8 {only exposes
White's Q.}) (12. Ng5 $6 c4 13. Qc2 Nf6 $17) 12... cxd4 (12... c4 13. Qc2 $16 {
[%csl Rg6,Rh7] ע}) 13. hxg6 (13. Qxe6+ $143 Kh8 14. hxg6 Nf6 15. Qe5 dxc3 16.
Rxh7+ $1 Kg8 $1 17. Qh2 Qd6 18. Rxg7+ Kxg7 19. Qh6+ Kg8 20. g7 Rd8 21. Bd3 Bf5
22. Qh8+ Kf7 23. Ng5+ Kg6 24. Be2 Nc6 25. Bh5+ Nxh5 26. Qh7+ Kf6 27. Qh6+ Bg6
28. Ne4+ Kf7 29. Ng5+ $11 {Bass,L-Larouche/New York op/1985/} (29. Ng5+ {
Winants} Kf6 30. Ne4+ Kf7 31. Ng5+ {1/2-1/2 Bass,L-Larouche,D/New York 1985}))
13... Nc5 (13... Nf6 14. gxh7+ Nxh7 15. Qc2 Nf6 16. Ne4 $36) (13... dxc3 $4 {
Winants} 14. Qxe6+ Kh8 15. Rxh7#) 14. Qc2 $5 $146 {An intersting novelty.
Lautier avoids the already played 14.gxh7 Lautier avait probablement décidé de
jouer ainsi а domicile.} (14. gxh7+ Kh8 (14... Kf7 15. Qc2 $1 $16) 15. Nh4 {
which has been considered promising for White.} {Therefore best is the
paradoxical} Kxh7 $142 $5 (15... Nxb3 {Winants} 16. Ng6#) ({et si} 15... Rf6
16. Qd1 $1 {/\ Bg5} (16. Qb4 $2 Qd6 $17 {[%cal Rc5d3] /\Nd3}) 16... Qd6 (16...
Nc6 17. Bg5 Qe8 (17... dxc3 18. Qxd8+ Nxd8 19. Bxf6 Kxh7 20. Bxc3 $18) 18. Bxf6
exf6 (18... Bxf6 19. Qc2 $1 Ne5 20. Ne4 $16) 19. Qg4 $16 {-> White has extra
material as well as the attack.}) 17. Qh5 {Leko} (17. Bg5 $5 Qe5+ 18. Be3 $14)
17... Bd7 (17... Nbd7 {[#]} 18. Qe8+ $1 Nf8 19. Ng6+ $3 Rxg6 20. Qf7 Qe5+ 21.
Be2 Nd3+ 22. Kd2 $18) 18. Bg5 Qe5+ (18... dxc3 19. Be2 $3 $18) 19. Be2 Nd3+ 20.
Kf1 $1 Nxf2 (20... Rxf2+ 21. Kg1) 21. Bxf6 Qxh5 22. Bxg7+ Kxh7 (22... Kxg7 23.
Nf5+ $1) 23. Kxf2 $1) 16. Qc2+ Kg8 $1 (16... d3 $143 17. Qd1 Kg8 18. Qh5 $40)
17. Ne4 (17. Nxb5 $5 Qb6 $13) 17... Nxe4 18. Qxe4 Qd5 19. Bd3 Qxe4+ 20. Bxe4
Ra7 $44) 14... Rxf3 $1 {[] Une conception splendide. L'élimination du Cavalier
s'explique par la variante suivante} (14... dxc3 $2 15. gxh7+ Kh8 (15... Kf7
16. Ng5+ Ke8 17. Qg6+ Kd7 18. Qxg7) 16. Nh4 Rf6 17. Bg5 (17. Qxc3 $1 {[%csl
Rc5,Rf6][%cal Yh4g6] Winants} Qd5 (17... Ne4 18. Qxf6 $1) 18. Be3 ({non pas} 
18. Qxf6 $2 Qe4+ $1) 18... Rh6 $8 (18... Nbd7 19. Qxf6 $1) 19. Qc2 Nbd7 20. Rd1
Qe4 21. Qxe4 Nxe4 22. Bxh6 Bxh6 23. Bd3 Ndc5 24. Bc2 Bb7 (24... Kxh7 25. b4)
25. b4 Na4 26. Rd7 Bd5 27. Rxe7 $18) 17... cxb2 18. Rd1 Qa5+ 19. Ke2 $18) (
14... d3 15. gxh7+ Kh8 16. Nh4 $16 {transposes to a disadvantageous version of
the above line.}) (14... h5 $5 {Leko} 15. Rxh5 (15. Ne4 Nxe4 16. Qxe4 Qd5)
15... dxc3 $1 (15... Rf5 $2 16. Rxf5 exf5 17. Nxb5 $1) 16. Rxc5 Nd7) 15. gxh7+
(15. gxf3 {Leko} d3 16. Qd2 $1 hxg6 17. Qg5 $40) 15... Kh8 16. gxf3 ({Un faux
espoir serait} 16. Ne4 {Winants} Rf5 17. Nxc5 Qc7 18. b4 d3 19. Bxd3 Bxa1 $19)
16... d3 $1 {A positional sacrifice, with White's help Black's compensation
will soon be obvious. Winants: Voici enfin l'idée des Noirs: ce pion passé,
fermement installé au centre de l'échiquier, empêchera les Blancs de
manoeuvrer en toute quiétude et d'exploiter l'avantage de la qualité.} (16...
dxc3 $143 $2 17. Rg1 $1 $40 {[%cal Rg1g7,Rc1h6,Rc2g6] /\Rg7,Bh6,Qg6} (17. Qg6
$1 {Winants /\ 18.Rg1} Qf8 (17... cxb2 18. Qxg7+ $1) 18. Rg1 e5 (18... cxb2 19.
Bxb2 e5 20. Bxe5 Ne6 21. Qe4) (18... Qf6 19. Qe8+ Qf8 (19... Kxh7 20. Rh1+) 20.
Qxf8+ Bxf8 21. Rg8+) 19. Bh6 Ne6 20. bxc3 {/\ 21.Bh3 /\ 21.Rd1}) (17. Bh6 Bxh6
18. Rxh6 Qd2+ 19. Qxd2 cxd2+ 20. Kxd2 $14) 17... Qd6 (17... Qa5 {Ftacnik} 18.
b4 Qxb4 19. Bh6 $18) 18. Qg6 Qe5+ 19. Be2 Nd3+ 20. Kf1 $1 Nxc1 21. Qf7 Qxe2+
22. Kg2 $18) 17. Qd1 Nc6 {menaçant notamment 18...Nb4} 18. Bh6 $2 {[%csl Gd3]
White's main problem is the cramping d3-pawn, which he should try to remove as
soon as possible. White allows his opponent the complete control of the
position. Weiss erlaubt sein Gegner die komplette Kontrolle zu ubernehmen.} (
18. Be3 $142 $5 Nd4 (18... Bd4 $2 19. Rg1 $16) (18... b4 19. Ne4 (19. Bxc5 {
Ftacnik} bxc3 20. Qxd3 Bb7 21. Qxd8+ Rxd8 $132) (19. Na4 Nxa4 20. Qxa4 Bb7 21.
Rd1 Ne5 22. Bg2 $13) 19... Nxe4 20. fxe4 Bxb2 21. Bxd3 $1 $16) 19. Bxd3 (19.
Rc1 $6 Bb7) 19... Nxd3+ (19... Nxf3+ $2 20. Qxf3 Nxd3+ 21. Ke2 $18) 20. Qxd3
Nxf3+ 21. Ke2 Qxd3+ 22. Kxd3 Bb7 $14 {Although Black's pieces are very active
and White has a difficult technical task ahead of him, the compensation for
the exchange is not quite sufficient.}) (18. Ne4 $2 {Leko} Nxe4 19. fxe4 Nb4
20. Qg4 Nc2+ 21. Kd1 e5 $1 22. Qxg7+ (22. Qg6 Nxa1 23. Rg1 Qf8 $19) 22... Kxg7
23. h8=Q+ Qxh8 24. Rxh8 Bg4+ 25. Kd2 Rxh8 26. Rb1 Rd8 $19) 18... Bxh6 19. Rxh6
Bb7 $44 {Winants: poursuit le développement, vise le pion f3 et menace ...Nd4}
(19... Nb4 $6 20. Rc1 $14 {Black's pieces suddenly coordinate very well and he
quickly gets a dangerous initiative. From now on his piece play is model.}) 20.
Bg2 (20. Ne4 $6 Nxe4 21. fxe4 Nb4 22. Qb3 Qd4 $1 $36) 20... Ne5 21. Rh3 {
Winants: La paralysie s'installe dans le camps assiégé.} (21. f4 Bxg2 (21...
d2+ 22. Kf1 (22. Qxd2 Qxd2+ 23. Kxd2 Nc4+ 24. Ke2 Bxg2 25. Rg1)) 22. fxe5 Qd4
23. Qd2 Rf8 $1 (23... Qxe5+ $6 24. Qe3 $13) (23... b4 $36 {Leko}) (23... b4 $40
{Ftacnik}) 24. O-O-O b4 25. Rg6 bxc3 (25... Rxf2 $2 26. Rg8+ Kxh7 27. Rxg2 $1
$18 {[%cal Rd1h1] /\Rh1#}) 26. bxc3 Qa4 $1 {[%cal Rc5b3] /\Nb3-+}) (21. Kf1 Qd4
22. Qd2 Rf8 $40) (21. b4 {Ftacnik} Qd4 22. Rc1 Qxb4 $17) 21... Qd4 (21... b4 $5
{Leko}) 22. Rg3 $2 {After this move White's pieces remain trapped and passive.
Black's K is protected only by White's pawn, so White should try to activate
his Q, e.g.} (22. Qd2 $142 $5 {/\} Nc4 23. Qg5 Nxb2 $2 (23... d2+ {Leko} 24.
Kf1 Nd3 25. Nd1 Nf4 $1 26. Rh6 Re8 $1) 24. Rg3 $1 $18) 22... Nc4 $1 {Winants:
Chaque coup gagne du terrain.} 23. Kf1 (23. Rg8+ {Ftacnik} Rxg8 24. hxg8=Q+
Kxg8 25. Rb1 d2+ 26. Kf1 Nd3 27. Qe2 e5 $17) 23... Rf8 ({Pas encore} 23... Nxb2
$2 {Winants} 24. Qd2 Nc4 25. Qg5) 24. Kg1 (24. f4 $5 Rxf4 25. Qe1 Bxg2+ 26.
Kxg2 Rg4 $5 $17 {Now Black drives another nail into the coffin.}) 24... Rf4 $1
25. Qc1 (25. b3 {Ftacnik} Ne5 $17) 25... e5 {fermant la porte.} 26. Nd1 (26. b3
$143 $2 d2 $1 27. Qc2 Ne4 $1 (27... Nd3 $2 28. Rf1 $14 (28. bxc4 $2 Qxf2+ 29.
Kh2 Rh4+ 30. Rh3 Nf4 $19)) 28. fxe4 Qxf2+ 29. Kh2 Rh4+ 30. Rh3 Ne3 $19) 26...
Kxh7 27. Rb1 $138 {White plays too passively.} (27. b3 $142 $5) 27... Bc8 $1 {
La goutte d'eau qui fera déborder le vase. Le Fou se dirige vers f5.} 28. Ne3 (
28. b3 d2 29. Qc3 Bf5 30. Ra1 (30. Qxd4 exd4 31. Ra1 Na3 $19) 30... Qxc3 31.
Nxc3 Nb2 $19 {paralyzes White's position.} (31... Nb2 $1 {Leko} 32. Nd1 Nxd1
33. Rxd1 Rd4 $19)) (28. Bh3 $142 $5 $17 {was White's last chance to put up
resistance.}) 28... d2 29. Qc2+ (29. Qc3 $2 Nxe3 $19) 29... Qd3 $1 $19 30.
Qxd3+ (30. Rd1 Qxc2 31. Nxc2 Na4 $19 (31... Nd3 {Leko} 32. b3 Ndb2 $19)) 30...
Nxd3 31. Bf1 (31. Nxc4 $2 Rxc4 {[%cal Rc4c1] /\Rc1}) (31. Rd1 Ndxb2 32. Nxc4
Nxd1 33. Nxd2 Nc3 $19 {[%csl Ra2] ><a2}) (31. b3 {Leko} Nxe3 32. fxe3 Nc1 $1
$19) 31... Nc1 $1 {Winants: Le coup de grâce: la Rb1 est mise hors de combat.}
32. Bxc4 (32. Nd1 Bf5 33. Ra1 Bc2 $19) 32... bxc4 33. Rg5 $6 (33. Kg2 Bf5 34.
Ra1 e4 $1 35. fxe4 Rxe4 36. Nd1 Re1 37. Nc3 Ne2 $19) (33. Kh2 {[%cal Rg3g1] /
\Rg1} Bf5 34. Ra1 Rh4+ $1 35. Kg2 e4 $19) 33... Bf5 34. Ra1 Rxf3 35. Nd1 (35.
Kg2 {Ftacnik} Rxe3 $19) 35... Bc2 {The N is trapped!} 36. Kg2 Bxd1 37. Rh5+ Kg6
0-1

[Event "Moscow-ch61"]
[Site "Moscow"]
[Date "1983.01.??"]
[Round "?"]
[White "Antoshin, Vladimir S"]
[Black "Bronstein, David Ionovich"]
[Result "1/2-1/2"]
[WhiteElo "2335"]
[BlackElo "2490"]
[Annotator "Suetin,A"]
[PlyCount "34"]
[EventDate "1983.01.??"]
[EventType "tourn"]
[EventRounds "17"]
[EventCountry "URS"]
[SourceTitle "EXT 2002"]
[Source "ChessBase"]
[SourceDate "2001.11.25"]
[SourceVersion "1"]
[SourceVersionDate "2001.11.25"]
[SourceQuality "1"]

1. d4 Nf6 2. c4 g6 3. Nc3 d5 4. Nf3 Bg7 5. Qb3 dxc4 6. Qxc4 O-O 7. e4 Nc6 $5 8.
d5 (8. Be2 Bg4 9. d5 $1) 8... Na5 9. Qa4 c6 10. dxc6 Nxc6 11. Be2 Bd7 12. O-O
h6 13. h3 e5 14. Be3 Nd4 15. Qd1 Nxe2+ 16. Qxe2 Qe7 17. Rfd1 Bc6 1/2-1/2